| 000 | 01028nam0a22002771 4500 | ||
|---|---|---|---|
| 001 | rc\1138342 | ||
| 005 | 20250622193840.0 | ||
| 035 | _a(NLR Aleph) 006385022 | ||
| 090 |
_a5108113 _c5108113 |
||
| 100 | _a20041129d1980 |||y0rusy50 ca | ||
| 101 | 0 | _arus | |
| 102 | _aRU | ||
| 105 | _aa ||||||||| | ||
| 200 | 1 |
_aСинтаксические дефиниции и проблема переориентации _fВ.В. Зубенко, В.Ф. Кузенко, С.С. Шкильняк |
|
| 210 |
_aКиев _cИК _d1980 |
||
| 215 |
_a45 с. _cил. _d20 |
||
| 225 | 1 |
_aПрепринт _fАН УССР, Ин-т кибернетики _v80-3 |
|
| 320 | _aБиблиогр.: с. 40-43 | ||
| 700 | 1 |
_aЗубенко _bВ.В. _gВиталий Владимирович |
|
| 701 | 1 |
_aКузенко _bВ.Ф. _gВладимир Федорович |
|
| 701 | 1 |
_aШкильняк _bС.С. _gСтепан Степанович |
|
| 801 | 0 |
_aRU _bNLR _gpsbo |
|
| 801 | 1 |
_aRU _bELAR _2rusmarc |
|
| 852 |
_aNLR _j80-4/16954 |
||
| 942 | _cBOOK | ||
| 980 | _aNB | ||